000 00190 a2200097 4500
020 _a9780374463397
041 _aeng
100 _aRoy Gerrard
245 _aRosie and the Rustlers
942 _cK
999 _c28384
_d28384